| 000 | 00726nam a22002297a 4500 | ||
|---|---|---|---|
| 005 | 20260322212050.0 | ||
| 008 | data | ||
| 010 | _a 75037679 | ||
| 020 | _a0470013753 | ||
| 020 | _a9780470013755 | ||
| 050 | 0 |
_aRC537 _b.D4276 |
|
| 060 | _aWM170 D424 1974 | ||
| 245 | 1 | 0 |
_aDepression : _bbehavioral, biochemical, diagnostic, and treatment _cDonald M. Gallant & George M. Simpson. |
| 260 |
_aNew York : _bSP books division of Spectrum Publications : |
||
| 300 |
_a351 p. : _bill. ; _c24 cm. |
||
| 504 | _aIncludes bibliographical references and index. | ||
| 590 | _aIncludes bibliographies and index. | ||
| 650 | 0 | _aDepression, Mental. | |
| 700 | 1 |
_aGallant, Donald M., _d1929- |
|
| 700 | 1 | _aSimpson, George M. | |
| 001 | data | ||
| 999 |
_c1188 _d1188 |
||